| 000 | 00509cam a22001932 4500 | ||
|---|---|---|---|
| 001 | 0000002837 | ||
| 005 | 20151217151905.0 | ||
| 008 | 070420s xx 000 0 eng d | ||
| 020 | _a0399133453 : | ||
| 040 |
_aKABU _cKABU |
||
| 050 | 0 |
_aPS3553 _b.L245C37 |
|
| 100 | 1 |
_aClancy, Tom. _@0000152345 |
|
| 245 | 1 | 4 | _aThe Cardinal of the Kremlin. |
| 260 |
_aNew York : _bG. P. Putman, _c1988. |
||
| 300 | _a543 p. | ||
| 908 | _a070420 | ||
| 950 | _@1 | ||
| 999 |
_c6042 _d6042 |
||